<?xml version="1.0" encoding="UTF-8"?>
<record
    xmlns:xsi="http://www.w3.org/2001/XMLSchema-instance"
    xsi:schemaLocation="http://www.loc.gov/MARC21/slim http://www.loc.gov/standards/marcxml/schema/MARC21slim.xsd"
    xmlns="http://www.loc.gov/MARC21/slim">

  <leader>00629nam a22002057a 4500</leader>
  <controlfield tag="008">240706b        mp ||||| |||| 00| 0 mon d</controlfield>
  <datafield tag="035" ind1=" " ind2=" ">
    <subfield code="a">5522</subfield>
  </datafield>
  <datafield tag="040" ind1=" " ind2=" ">
    <subfield code="a">BH0164090</subfield>
    <subfield code="b">mon</subfield>
    <subfield code="c">MN-UlNLM</subfield>
    <subfield code="d">MN-UlNLM</subfield>
    <subfield code="e">rda</subfield>
  </datafield>
  <datafield tag="041" ind1=" " ind2=" ">
    <subfield code="a">mon</subfield>
  </datafield>
  <datafield tag="042" ind1=" " ind2=" ">
    <subfield code="a">58976</subfield>
  </datafield>
  <datafield tag="084" ind1=" " ind2=" ">
    <subfield code="2">NNA</subfield>
    <subfield code="a">84/5&#x43C;&#x43E;&#x43D;/</subfield>
    <subfield code="b">&#x414;-27</subfield>
  </datafield>
  <datafield tag="100" ind1=" " ind2=" ">
    <subfield code="a">&#x414;&#x430;&#x43C;&#x434;&#x438;&#x43D;&#x441;&#x4AF;&#x440;&#x44D;&#x43D; &#x414;.</subfield>
  </datafield>
  <datafield tag="245" ind1=" " ind2="0">
    <subfield code="a">&#x425;&#x4AF;&#x4AF;&#x445;&#x434;&#x438;&#x439;&#x43D; &#x442;&#x43E;&#x433;&#x43B;&#x43E;&#x43E;&#x43C;&#x44B;&#x43D; &#x442;&#x430;&#x43B;&#x431;&#x430;&#x439;</subfield>
  </datafield>
  <datafield tag="264" ind1=" " ind2=" ">
    <subfield code="a">&#x423;&#x43B;&#x430;&#x430;&#x43D;&#x431;&#x430;&#x430;&#x442;&#x430;&#x440;</subfield>
    <subfield code="b">&#x423;&#x43B;&#x441;&#x44B;&#x43D; &#x445;&#x44D;&#x432;&#x43B;&#x44D;&#x43B;&#x438;&#x439;&#x43D; &#x433;&#x430;&#x437;&#x430;&#x440;</subfield>
    <subfield code="c">1963</subfield>
  </datafield>
  <datafield tag="300" ind1=" " ind2=" ">
    <subfield code="a">55&#x445;.</subfield>
  </datafield>
  <datafield tag="336" ind1=" " ind2=" ">
    <subfield code="2">rdacontent</subfield>
    <subfield code="a">text</subfield>
    <subfield code="b">txt</subfield>
  </datafield>
  <datafield tag="337" ind1=" " ind2=" ">
    <subfield code="2">rdamedia</subfield>
    <subfield code="a">unmediated</subfield>
    <subfield code="b">n</subfield>
  </datafield>
  <datafield tag="338" ind1=" " ind2=" ">
    <subfield code="2">rdacarrier</subfield>
    <subfield code="a">volume</subfield>
    <subfield code="b">nc</subfield>
  </datafield>
  <datafield tag="942" ind1=" " ind2=" ">
    <subfield code="2">NNA</subfield>
    <subfield code="c">BK</subfield>
  </datafield>
  <datafield tag="952" ind1=" " ind2=" ">
    <subfield code="0">0</subfield>
    <subfield code="1">0</subfield>
    <subfield code="4">0</subfield>
    <subfield code="6">845&#x41C;&#x41E;&#x41D;_&#x414;27</subfield>
    <subfield code="7">0</subfield>
    <subfield code="8">BH0163</subfield>
    <subfield code="a">BH0164090</subfield>
    <subfield code="b">BH0164090</subfield>
    <subfield code="c">BH0163</subfield>
    <subfield code="d">2024-07-07</subfield>
    <subfield code="g">190.00</subfield>
    <subfield code="l">0</subfield>
    <subfield code="o">84/5&#x43C;&#x43E;&#x43D;/  &#x414;-27</subfield>
    <subfield code="p">BH0165522-1-1</subfield>
    <subfield code="r">2024-07-07</subfield>
    <subfield code="t">27316</subfield>
    <subfield code="y">BK</subfield>
  </datafield>
  <datafield tag="952" ind1=" " ind2=" ">
    <subfield code="0">0</subfield>
    <subfield code="1">0</subfield>
    <subfield code="4">0</subfield>
    <subfield code="6">845&#x41C;&#x41E;&#x41D;_&#x414;27</subfield>
    <subfield code="7">0</subfield>
    <subfield code="8">BH0163</subfield>
    <subfield code="a">BH0164090</subfield>
    <subfield code="b">BH0164090</subfield>
    <subfield code="c">BH0163</subfield>
    <subfield code="d">2024-07-07</subfield>
    <subfield code="g">190.00</subfield>
    <subfield code="l">0</subfield>
    <subfield code="o">84/5&#x43C;&#x43E;&#x43D;/  &#x414;-27</subfield>
    <subfield code="p">BH0165522-1-2</subfield>
    <subfield code="r">2024-07-07</subfield>
    <subfield code="t">27317</subfield>
    <subfield code="y">BK</subfield>
  </datafield>
  <datafield tag="952" ind1=" " ind2=" ">
    <subfield code="0">0</subfield>
    <subfield code="1">0</subfield>
    <subfield code="4">0</subfield>
    <subfield code="6">845&#x41C;&#x41E;&#x41D;_&#x414;27</subfield>
    <subfield code="7">0</subfield>
    <subfield code="8">BH0163</subfield>
    <subfield code="a">BH0164090</subfield>
    <subfield code="b">BH0164090</subfield>
    <subfield code="c">BH0163</subfield>
    <subfield code="d">2024-07-07</subfield>
    <subfield code="g">190.00</subfield>
    <subfield code="l">0</subfield>
    <subfield code="o">84/5&#x43C;&#x43E;&#x43D;/  &#x414;-27</subfield>
    <subfield code="p">BH0165522-1-3</subfield>
    <subfield code="r">2024-07-07</subfield>
    <subfield code="t">27318</subfield>
    <subfield code="y">BK</subfield>
  </datafield>
  <datafield tag="952" ind1=" " ind2=" ">
    <subfield code="0">0</subfield>
    <subfield code="1">0</subfield>
    <subfield code="4">0</subfield>
    <subfield code="6">845&#x41C;&#x41E;&#x41D;_&#x414;27</subfield>
    <subfield code="7">0</subfield>
    <subfield code="8">BH0163</subfield>
    <subfield code="a">BH0164090</subfield>
    <subfield code="b">BH0164090</subfield>
    <subfield code="c">BH0163</subfield>
    <subfield code="d">2024-07-07</subfield>
    <subfield code="g">190.00</subfield>
    <subfield code="l">0</subfield>
    <subfield code="o">84/5&#x43C;&#x43E;&#x43D;/  &#x414;-27</subfield>
    <subfield code="p">BH0165522-1-4</subfield>
    <subfield code="r">2024-07-07</subfield>
    <subfield code="t">27319</subfield>
    <subfield code="y">BK</subfield>
  </datafield>
  <datafield tag="952" ind1=" " ind2=" ">
    <subfield code="0">0</subfield>
    <subfield code="1">0</subfield>
    <subfield code="4">0</subfield>
    <subfield code="6">845&#x41C;&#x41E;&#x41D;_&#x414;27</subfield>
    <subfield code="7">0</subfield>
    <subfield code="8">BH0163</subfield>
    <subfield code="a">BH0164090</subfield>
    <subfield code="b">BH0164090</subfield>
    <subfield code="c">BH0163</subfield>
    <subfield code="d">2024-07-07</subfield>
    <subfield code="g">190.00</subfield>
    <subfield code="l">0</subfield>
    <subfield code="o">84/5&#x43C;&#x43E;&#x43D;/  &#x414;-27</subfield>
    <subfield code="p">BH0165522-1-5</subfield>
    <subfield code="r">2024-07-07</subfield>
    <subfield code="t">27320</subfield>
    <subfield code="y">BK</subfield>
  </datafield>
  <datafield tag="952" ind1=" " ind2=" ">
    <subfield code="0">0</subfield>
    <subfield code="1">0</subfield>
    <subfield code="4">0</subfield>
    <subfield code="6">845&#x41C;&#x41E;&#x41D;_&#x414;27</subfield>
    <subfield code="7">0</subfield>
    <subfield code="8">BH0166</subfield>
    <subfield code="a">BH0164090</subfield>
    <subfield code="b">BH0164090</subfield>
    <subfield code="c">BH0166</subfield>
    <subfield code="d">2024-07-07</subfield>
    <subfield code="g">190.00</subfield>
    <subfield code="l">0</subfield>
    <subfield code="o">84/5&#x43C;&#x43E;&#x43D;/  &#x414;-27</subfield>
    <subfield code="p">BH0165522-2-1</subfield>
    <subfield code="r">2024-07-07</subfield>
    <subfield code="t">34377</subfield>
    <subfield code="y">BK</subfield>
  </datafield>
  <datafield tag="999" ind1=" " ind2=" ">
    <subfield code="c">1104725</subfield>
    <subfield code="d">1104782</subfield>
  </datafield>
</record>
